000 00528nam a2200181 i 4500
001 25925
003 ES-MaACL
005 20230906153345.0
007 t|
008 030103s1860 fr ||||1| fre d
080 _a94(450)"1849/1870"
100 1 _aArnaud, Frédéric.
_923066
245 1 3 _aLa papauté temporelle et la nationalité italienne /
_c[par Frédéric Arnaud].
260 _aParis :
_bDentu,
_c1860.
300 _a48 p. ;
_c22 cm.
651 4 _aItalia-
_xHistoria-
_y1849-1870.
_98869
852 4 _aES-MaACL
_jT-55-F-6
999 _c25925
_d25925